00820nam a2200253 a 4500001001300000005001700013008004100030010001700071020001100088035001700099040001800116082000800134100002600142245012800168260003900296260003400335270005200369270004400421300003700465500000600502600002000508700001900528700001900547B-260829-86820071231103130.0080909t xxu||||| |||| 00| 0 eng d aB-260829-868 c180.00 aB-260829-868 aDPLbEnglish  a000 aSharma, Sanjay Kumar  aBookhive's guide to E.T.E., J.B.T., N.T.T. entrance examination /cby Sanjay Kumar Sharma, Khaleeq Ahmad [and] S.L. Gulati  aNew Delhi bBookhive (India)c2008 aDelhi bUniversity Book Houes aCB-349, Ring Road, Naraina, bNew Delhie110028 a15, U.B. Bunglow Road, bDelhi e110007 aVarious pagins c24 cm (pbk) b  a  aDas, J.P. 1936- aKhaleeq Ahmad  aGulati , S.L.